MARC details
| 000 -CABECERA |
| campo de control de longitud fija |
00922cam a2200253 a 4500 |
| 001 - NÚMERO DE CONTROL |
| campo de control |
000015266 |
| 005 - FECHA Y HORA DE LA ÚLTIMA TRANSACCIÓN |
| campo de control |
20200929164010.0 |
| 008 - DATOS DE LONGITUD FIJA--INFORMACIÓN GENERAL |
| campo de control de longitud fija |
790709s1978 sp a b 000 0 spa |
| 015 ## - NÚMERO DE BIBLIOGRAFÍA NACIONAL |
| Número de bibliografía nacional |
Sp78-Oct |
| 020 ## - NÚMERO INTERNACIONAL ESTÁNDAR DEL LIBRO |
| Número Internacional Estándar del Libro |
8427604343 |
| 040 ## - FUENTE DE LA CATALOGACIÓN |
| Centro catalogador/agencia de origen |
DO-SdBNP |
| Lengua de catalogación |
spa |
| Centro/agencia transcriptor |
DLC |
| Centro/agencia modificador |
BNPHU |
| 082 ## - NÚMERO DE LA CLASIFICACIÓN DECIMAL DEWEY |
| Número de clasificación |
236 |
| Número de documento/Ítem |
H144c |
| 049 ## - FONDOS LOCALES (OCLC) |
| Fondos de biblioteca |
BNGR |
| 100 1# - ENTRADA PRINCIPAL--NOMBRE DE PERSONA |
| Nombre de persona |
Hagerty, Miguel José |
| 9 (RLIN) |
34536 |
| 245 14 - MENCIÓN DE TÍTULO |
| Título |
Los cuervos de San Vicente : |
| Resto del título |
escatología mozárabe / |
| Mención de responsabilidad, etc. |
Miguel José Hagerty. |
| 260 ## - PUBLICACIÓN, DISTRIBUCIÓN, ETC. |
| Lugar de publicación, distribución, etc. |
Madrid, España : |
| Nombre del editor, distribuidor, etc. |
Editora Nacional, |
| Fecha de publicación, distribución, etc. |
1978. |
| 300 ## - DESCRIPCIÓN FÍSICA |
| Extensión |
318 p. : |
| Otras características físicas |
il. ; |
| Dimensiones |
21 cm. |
| 490 1# - MENCIÓN DE SERIE |
| Mención de serie |
Biblioteca de visionarios, heterodoxos y marginados |
| Designación de volumen o secuencia |
2 |
| 504 ## - NOTA DE BIBLIOGRAFÍA, ETC. |
| Nota de bibliografía, etc. |
Incluye referencias bibliográficas. |
| 650 #4 - PUNTO DE ACCESO ADICIONAL DE MATERIA--TÉRMINO DE MATERIA |
| Término de materia o nombre geográfico como elemento de entrada |
Escatología |
| Subdivisión general |
Historia de la doctrina |
| -- |
Fuentes |
| 9 (RLIN) |
34537 |
| 651 #4 - PUNTO DE ACCESO ADICIONAL DE MATERIA--NOMBRE GEOGRÁFICO |
| Nombre geográfico |
España |
| Subdivisión general |
Historia De La Iglesia |
| -- |
Fuentes |
| 9 (RLIN) |
34538 |
| 830 #0 - PUNTO DE ACCESO ADICIONAL DE SERIE-TÍTULO UNIFORME |
| Título uniforme |
Biblioteca de visionarios, heterodoxos y marginados ; |
| Designación de volumen o secuencia |
2 |
| 9 (RLIN) |
8623 |
| 910 ## - DATOS DE OPCIÓN DEL USUARIO (OCLC) |
| Datos de opción del usuario |
Catalogación por copia / LC |